Formula one drivers standings from each season (1985-1994) - Statistics

General Stats
  • This quiz has been taken 28 times
    12 since last reset
  • The average score is 203 of 385
Answer Stats
Year Constructor Driver Points % Correct
1993 Williams Alain Prost 99
100%
1991 Ferrari Alain Prost 34
100%
1990 Ferrari Alain Prost 73
100%
1989 McLaren Alain Prost 81
100%
1988 McLaren Alain Prost 105
100%
1987 McLaren Alain Prost 46
100%
1986 McLaren Alain Prost 74
100%
1985 McLaren Alain Prost 76
100%
1994 Jordan/Sauber Andrea de Cesaris 4
100%
1993 Tyrrell Andrea de Cesaris 0
100%
1992 Tyrrell Andrea de Cesaris 8
100%
1991 Jordan Andrea de Cesaris 9
100%
1990 Dallara Andrea de Cesaris 0
100%
1989 Dallara Andrea de Cesaris 4
100%
1988 Rial Andrea de Cesaris 3
100%
1987 Brabham Andrea de Cesaris 4
100%
1986 Minardi Andrea de Cesaris 0
100%
1985 Ligier Andrea de Cesaris 3
100%
1994 Williams Ayrton Senna 0
100%
1993 McLaren Ayrton Senna 73
100%
1992 McLaren Ayrton Senna 50
100%
1991 McLaren Ayrton Senna 96
100%
1990 McLaren Ayrton Senna 78
100%
1989 McLaren Ayrton Senna 60
100%
1988 McLaren Ayrton Senna 94
100%
1987 Lotus Ayrton Senna 57
100%
1986 Lotus Ayrton Senna 55
100%
1985 Lotus Ayrton Senna 38
100%
1994 Williams Damon Hill 91
100%
1993 Williams Damon Hill 69
100%
1992 Brabham Damon Hill 0
100%
1994 Ferrari Gerhard Berger 41
100%
1993 Ferrari Gerhard Berger 12
100%
1992 McLaren Gerhard Berger 49
100%
1991 McLaren Gerhard Berger 43
100%
1990 McLaren Gerhard Berger 37
100%
1989 Ferrari Gerhard Berger 21
100%
1988 Ferrari Gerhard Berger 41
100%
1987 Ferrari Gerhard Berger 36
100%
1986 Benetton Gerhard Berger 17
100%
1985 Arrows Gerhard Berger 3
100%
1994 Benetton Michael Schumacher 92
100%
1993 Benetton Michael Schumacher 52
100%
1992 Benetton Michael Schumacher 53
100%
1991 Benetton/Jordan Michael Schumacher 4
100%
1994 McLaren Mika Häkkinen 26
100%
1993 McLaren Mika Häkkinen 4
100%
1992 Lotus Mika Häkkinen 11
100%
1991 Lotus Mika Häkkinen 2
100%
1994 Williams Nigel Mansell 13
100%
1992 Williams Nigel Mansell 108
100%
1991 Williams Nigel Mansell 72
100%
1990 Ferrari Nigel Mansell 43
100%
1989 Ferrari Nigel Mansell 38
100%
1988 Williams Nigel Mansell 12
100%
1987 Williams Nigel Mansell 61
100%
1986 Williams Nigel Mansell 72
100%
1985 Williams Nigel Mansell 31
100%
1993 Benetton Ricardo Patrese 20
100%
1992 Williams Ricardo Patrese 56
100%
1991 Williams Ricardo Patrese 53
100%
1990 Williams Ricardo Patrese 23
100%
1989 Williams Ricardo Patrese 40
100%
1988 Williams Ricardo Patrese 8
100%
1987 Williams/Brabham Ricardo Patrese 6
100%
1986 Brabham Ricardo Patrese 2
100%
1985 Alfa Romeo Riccardo Patrese 0
100%
1986 Osella Allen Berg 0
86%
1994 Williams David Coulthard 14
86%
1986 Brabham Elio de Angelis 0
86%
1985 Lotus Elio de Angelis 33
86%
1994 Ferrari Jean Alesi 24
86%
1993 Ferrari Jean Alesi 16
86%
1992 Ferrari Jean Alesi 18
86%
1991 Ferrari Jean Alesi 21
86%
1990 Tyrrell Jean Alesi 13
86%
1989 Tyrrell Jean Alesi 8
86%
1994 Benetton/Lotus/Ligier Johnny Herbert 0
86%
1993 Lotus Johnny Herbert 11
86%
1992 Lotus Johnny Herbert 2
86%
1991 Lotus Johnny Herbert 0
86%
1990 Lotus Johnny Herbert 0
86%
1989 Tyrrell/Benetton Johnny Herbert 5
86%
1994 Minardi Michele Alboreto 1
86%
1993 Lola Michele Alboreto 0
86%
1992 Footwork Michele Alboreto 6
86%
1991 Footwork Michele Alboreto 0
86%
1990 Arrows Michele Alboreto 0
86%
1989 Tyrrell/Lola Michele Alboreto 6
86%
1988 Ferrari Michele Alboreto 24
86%
1987 Ferrari Michele Alboreto 17
86%
1986 Ferrari Michele Alboreto 14
86%
1985 Ferrari Michele Alboreto 53
86%
1991 Benetton Nelson Piquet 26,5
86%
1990 Benetton Nelson Piquet 44
86%
1989 Lotus Nelson Piquet 12
86%
1988 Lotus Nelson Piquet 22
86%
1987 Williams Nelson Piquet 76
86%
1986 Williams Nelson Piquet 69
86%
1985 Brabham Nelson Piquet 21
86%
1994 Ligier Olivier Panis 9
86%
1986 Lola Patrick Tambay 2
86%
1985 Renault Patrick Tambay 11
86%
1986 Lola Alan Jones 4
71%
1985 Lola Alan Jones 0
71%
1990 Benetton Alessandro Nannini 21
71%
1989 Benetton Alessandro Nannini 31
71%
1988 Benetton Alessandro Nannini 12
71%
1987 Minardi Alessandro Nannini 0
71%
1986 Minardi Alessandro Nannini 0
71%
1994 Jordan Eddie Irvine 6
71%
1993 Jordan Eddie Irvine 1
71%
1994 Sauber Heinz-Harald Frentzen 7
71%
1985 McLaren John Watson 0
71%
1989 Ligier René Arnoux 2
71%
1988 Ligier René Arnoux 0
71%
1987 Ligier René Arnoux 1
71%
1986 Ligier René Arnoux 14
71%
1985 Ferrari René Arnoux 3
71%
1994 Jordan Rubens Barrichello 19
71%
1993 Jordan Rubens Barrichello 2
71%
1991 Dallara Emanuele Pirro 1
57%
1990 Dallara Emanuele Pirro 0
57%
1989 Benetton Emanuele Pirro 2
57%
1986 Ligier Jacques Laffite 14
57%
1985 Ligier Jacques Laffite 16
57%
1994 Benetton/Sauber JJ Lehto 1
57%
1993 Sauber JJ Lehto 5
57%
1992 Dallara JJ Lehto 0
57%
1991 Dallara JJ Lehto 4
57%
1990 Onyx JJ Lehto 0
57%
1989 Onyx JJ Lehto 0
57%
1994 Benetton Jos Verstappen 10
57%
1986 McLaren Keke Rosberg 22
57%
1985 Williams Keke Rosberg 40
57%
1994 McLaren Martin Brundle 16
57%
1993 Ligier Martin Brundle 13
57%
1992 Benetton Martin Brundle 38
57%
1991 Brabham Martin Brundle 2
57%
1989 Brabham Martin Brundle 4
57%
1988 Williams Martin Brundle 0
57%
1987 Zakspeed Martin Brundle 2
57%
1986 Tyrrell Martin Brundle 8
57%
1985 Tyrrell Martin Brundle 0
57%
1985 McLaren Niki Lauda 14
57%
1994 Jordan Aguri Suzuki 0
43%
1993 Footwork Aguri Suzuki 0
43%
1992 Footwork Aguri Suzuki 0
43%
1991 Larrousse Aguri Suzuki 1
43%
1990 Lola Aguri Suzuki 6
43%
1989 Zakspeed Aguri Suzuki 0
43%
1988 Lola Aguri Suzuki 0
43%
1993 Footwork Derek Warwick 4
43%
1990 Lotus Derek Warwick 3
43%
1989 Arrows Derek Warwick 7
43%
1988 Arrows Derek Warwick 17
43%
1987 Arrows Derek Warwick 3
43%
1986 Brabham Derek Warwick 0
43%
1985 Renault Derek Warwick 5
43%
1991 Ligier Thierry Boutsen 0
43%
1989 Arrows Eddie Cheever 6
43%
1988 Arrows Eddie Cheever 6
43%
1987 Arrows Eddie Cheever 8
43%
1986 Lola Eddie Cheever 0
43%
1985 Alfa Romeo Eddie Cheever 0
43%
1994 Footwork Gianni Morbidelli 3
43%
1992 Minardi Gianni Morbidelli 0
43%
1991 Minardi/Ferrari Gianni Morbidelli 0,5
43%
1990 Dallara/Minardi Gianni Morbidelli 0
43%
1989 Tyrrell Jonathan Palmer 2
43%
1988 Tyrrell Jonathan Palmer 5
43%
1987 Tyrrell Jonathan Palmer 7
43%
1986 Zakspeed Jonathan Palmer 0
43%
1985 Zakspeed Jonathan Palmer 0
43%
1989 Minardi Luis Pérez-Sala 1
43%
1988 Minardi Luis Pérez-Sala 0
43%
1994 Tyrrell Mark Blundell 8
43%
1993 Ligier Mark Blundell 10
43%
1991 Brabham Mark Blundell 1
43%
1993 McLaren Michael Andretti 7
43%
1994 Lotus Mika Salo 0
43%
1994 Ferrari Nicola Larini 6
43%
1992 Ferrari Nicola Larini 0
43%
1991 Lambo-Modena Nicola Larini 0
43%
1990 Ligier Nicola Larini 0
43%
1989 Osella Nicola Larini 0
43%
1988 Osella Nicola Larini 0
43%
1987 Coloni Nicola Larini 0
43%
1994 Minardi Pierluigi Martini 4
43%
1993 Minardi Pierluigi Martini 0
43%
1992 Dallara Pierluigi Martini 2
43%
1991 Minardi Pierluigi Martini 6
43%
1990 Minardi Pierluigi Martini 0
43%
1989 Minardi Pierluigi Martini 5
43%
1988 Minardi Pierluigi Martini 1
43%
1985 Minardi Pierluigi Martini 0
43%
1992 Andrea Moda Roberto Moreno 0
43%
1991 Benetton/Minardi/Jordan Roberto Moreno 8
43%
1990 Benetton/EuroBrun Roberto Moreno 6
43%
1989 Coloni Roberto Moreno 0
43%
1987 AGS Roberto Moreno 1
43%
1994 Simtek Roland Ratzenberger 0
43%
1991 Footwork/AGS Stefan Johansson 0
43%
1990 Onyx Stefan Johansson 0
43%
1989 Onyx Stefan Johansson 6
43%
1988 Ligier Stefan Johansson 0
43%
1987 McLaren Stefan Johansson 30
43%
1986 Ferrari Stefan Johansson 23
43%
1985 Tyrrell/Ferrari Stefan Johansson 26
43%
1993 Jordan Thierry Boutsen 0
43%
1992 Ligier Thierry Boutsen 2
43%
1990 Williams Thierry Boutsen 34
43%
1989 Williams Thierry Boutsen 37
43%
1988 Benetton Thierry Boutsen 27
43%
1987 Benetton Thierry Boutsen 16
43%
1986 Arrows Thierry Boutsen 0
43%
1985 Arrows Thierry Boutsen 11
43%
1994 Tyrrell Ukyo Katayama 5
43%
1993 Tyrrell Ukyo Katayama 0
43%
1992 Venturi Ukyo Katayama 0
43%
1988 Minardi Adrián Campos 0
29%
1987 Minardi Adrián Campos 0
29%
1994 Lotus Alessandro Zanardi 0
29%
1993 Lotus Alessandro Zanardi 1
29%
1992 Minardi Alessandro Zanardi 0
29%
1991 Jordan Alessandro Zanardi 0
29%
1992 Andrea Moda Alex Caffi 0
29%
1991 Footwork Alex Caffi 0
29%
1990 Arrows Alex Caffi 2
29%
1989 Dallara Alex Caffi 4
29%
1988 Dallara Alex Caffi 0
29%
1987 Osella Alex Caffi 0
29%
1986 Osella Alex Caffi 0
29%
1992 Fondmetal Andrea Chiesa 0
29%
1994 Simtek Andrea Montermini 0
29%
1990 Arrows Bernd Schneider 0
29%
1989 Zakspeed Bernd Schneider 0
29%
1988 Zakspeed Bernd Schneider 0
29%
1994 Pacific Bertrand Gachot 0
29%
1992 Venturi Bertrand Gachot 1
29%
1991 Larrousse/Jordan Bertrand Gachot 4
29%
1990 Coloni Bertrand Gachot 0
29%
1989 Onyx/Rial Bertrand Gachot 0
29%
1990 Life Bruno Giacomelli 0
29%
1989 Rial Christian Danner 3
29%
1987 Zakspeed Christian Danner 0
29%
1986 Arrows/Osella Christian Danner 1
29%
1985 Zakspeed Christian Danner 0
29%
1993 Minardi Christian Fittipaldi 5
29%
1992 Minardi Christian Fittipaldi 1
29%
1994 Footwork Christina Fittipaldi 6
29%
1990 EuroBrun Claudio Langes 0
29%
1994 Simtek David Brabham 0
29%
1990 Brabham David Brabham 0
29%
1994 Simtek Domenico Schiattarella 0
29%
1992 Andrea Moda Enrico Bertaggia 0
29%
1989 Coloni Enrico Bertaggia 0
29%
1994 Lotus/Ligier Éric Bernard 4
29%
1991 Larrousse Éric Bernard 1
29%
1990 Lola Éric Bernard 5
29%
1989 Lola Éric Bernard 0
29%
1992 Brabham/Fondmetal Eric van de Poele 0
29%
1991 Lambo-Modena Eric van de Poele 0
29%
1994 Larrousse Érik Comas 2
29%
1993 Larrousse Érik Comas 1
29%
1992 Ligier Érik Comas 4
29%
1991 Ligier Érik Comas 0
29%
1993 Minardi Fabrizio Barbazza 2
29%
1991 AGS Fabrizio Barbazza 0
29%
1994 Ligier Franck Lagorce 0
29%
1987 Osella Franco Forini 0
29%
1985 Brabham/Renault François Hesnault 0
29%
1992 Fondmetal Gabriele Tarquini 0
29%
1991 Fondmetal/AGS Gabriele Tarquini 0
29%
1990 AGS Gabriele Tarquini 0
29%
1989 FIRST/AGS Gabriele Tarquini 1
29%
1988 Coloni Gabriele Tarquini 0
29%
1987 Osella Gabriele Tarquini 0
29%
1990 Life Gary Brabham 0
29%
1992 Brabham Giovanna Amati 0
29%
1990 Brabham/Onyx Gregor Foitek 0
29%
1989 EuroBrun/Rial Gregor Foitek 0
29%
1994 Larrousse Hideki Noda 0
29%
1986 Zakspeed Huub Rothengatter 0
29%
1985 Osella Huub Rothengatter 0
29%
1993 Jordan Ivan Capelli 0
29%
1992 Ferrari Ivan Capelli 3
29%
1991 Leyton House Ivan Capelli 1
29%
1990 Leyton House Ivan Capelli 6
29%
1989 March Ivan Capelli 0
29%
1988 March Ivan Capelli 17
29%
1987 March Ivan Capelli 1
29%
1986 AGS Ivan Capelli 0
29%
1985 Tyrrell Ivan Capelli 3
29%
1993 (March) Jan Lammers 0
29%
1992 March Jan Lammers 0
29%
1994 Larrousse Jean-Denis Délétraz 0
29%
1988 Williams Jean-Louis Schlesser 0
29%
1994 Simtek Jean-Marc Gounon 0
29%
1993 (March)/Larrousse Jean-Marc Gounon 0
29%
1989 AGS Joachim Winkelhock 0
29%
1986 Lotus Johnny Dumfries 3
29%
1991 Lotus Julian Bailey 1
29%
1988 Tyrrell Julian Bailey 0
29%
1994 Sauber Karl Wendlinger 4
29%
1993 Sauber Karl Wendlinger 7
29%
1992 March Karl Wendlinger 3
29%
1991 Leyton House Karl Wendlinger 0
29%
1985 RAM Kenny Acheson 0
29%
1993 Lola Luca Badoer 0
29%
1985 RAM Manfred Winkelhock 0
29%
1986 Arrows Marc Surer 0
29%
1985 Brabham Marc Surer 5
29%
1990 Lotus Martin Donnelly 0
29%
1989 Arrows Martin Donnelly 0
29%
1992 Jordan Maurício Gugelmin 0
29%
1991 Leyton House Maurício Gugelmin 0
29%
1990 Leyton House Maurício Gugelmin 1
29%
1989 March Maurício Gugelmin 4
29%
1988 March Maurício Gugelmin 5
29%
1985 Spirit Mauro Baldi 0
29%
1991 Lotus Michael Bartels 0
29%
1991 Coloni Naoki Hattori 0
29%
1992 Tyrrell Olivier Grouillard 0
29%
1991 Fondmetal/AGS Olivier Grouillard 0
29%
1990 Osella Olivier Grouillard 0
29%
1989 Ligier Olivier Grouillard 1
29%
1989 EuroBrun Oscar Larrauri 0
29%
1988 EuroBrun Oscar Larrauri 0
29%
1990 Minardi Paolo Barilla 0
29%
1989 Minardi Paolo Barilla 0
29%
1987 AGS Pascal Fabre 0
29%
1994 Pacific Paul Belmondo 0
29%
1992 March Paul Belmondo 0
29%
1991 Coloni Pedro Chaves 0
29%
1994 Lotus Pedro Lamy 0
29%
1993 Lotus Pedro Lamy 0
29%
1994 Lotus Philippe Adams 0
29%
1994 McLaren/Larrousse Philippe Alliot 0
29%
1993 Larrousse Philippe Alliot 2
29%
1990 Ligier Philippe Alliot 0
29%
1989 Lola Philippe Alliot 1
29%
1988 Lola Philippe Alliot 0
29%
1987 Lola Philippe Alliot 3
29%
1986 Ligier Philippe Alliot 1
29%
1985 RAM Philippe Alliot 0
29%
1988 AGS Philippe Streiff 0
29%
1987 Tyrrell Philippe Streiff 4
29%
1986 Tyrrell Philippe Streiff 3
29%
1985 Tyrrell/Ligier Phillipe Streiff 4
29%
1989 Osella Piercarlo Ghinzani 0
29%
1988 Zakspeed Piercarlo Ghinzani 0
29%
1987 Ligier Piercarlo Ghinzani 0
29%
1986 Osella Piercarlo Ghinzani 0
29%
1985 Toleman/Osella Piercarlo Ghinzani 0
29%
1989 Coloni/Rial Pierre-Henri Raphanel 0
29%
1988 Lola Pierre-Henri Raphanel 0
29%
1991 Tyrrell Satoru Nakajima 2
29%
1990 Tyrrell Satoru Nakajima 3
29%
1989 Lotus Satoru Nakajima 3
29%
1988 Lotus Satoru Nakajima 1
29%
1987 Lotus Satoru Nakajima 7
29%
1985 Tyrrell Stefan Bellof 4
29%
1992 Jordan Stefano Modena 1
29%
1991 Tyrrell Stefano Modena 10
29%
1990 Brabham Stefano Modena 2
29%
1989 Brabham Stefano Modena 4
29%
1988 EuroBrun Stefano Modena 0
29%
1987 Brabham Stefano Modena 0
29%
1994 Simtek Taki Inoue 0
29%
1987 Benetton Teo Fabi 12
29%
1986 Benetton Teo Fabi 2
29%
1985 Toleman Teo Fabi 0
29%
1993 Larrousse Toshio Suzuki 0
29%
1989 Rial Volker Weidler 0
29%
1994 Larrousse Yannick Dalmas 0
29%
1990 AGS Yannick Dalmas 0
29%
1989 Lola/AGS Yannick Dalmas 0
29%
1988 Lola Yannick Dalmas 0
29%
1987 Lola Yannick Dalmas 0 / (2)
29%
1993 Jordan Emanuele Naspetti 0
14%
1992 March Emanuele Naspetti 0
14%
1993 Jordan Marco Apicella 0
14%
1994 Larrousse Olivier Beretta 0
14%
1992 Andrea Moda Perry McCarthy 0
14%
No matching quizzes found
Score Distribution
Percent of People with Each Score
Percentile by Number Answered
Your Score History
You have not taken this quiz since the last reset